书目信息 |
| 题名: |
D·H·劳伦斯
|
|
| 作者: | 弗尼豪尔 , Fernihough 著 | |
| 分册: | ||
| 出版信息: | 上海 上海外语教育出版社 2003.7 |
|
| 页数: | 292页 | |
| 开本: | 22cm | |
| 丛书名: | 剑桥文学指南丛书 | |
| 单 册: | ||
| 中图分类: | I561.064 , H319.4 | |
| 科图分类: | ||
| 主题词: | 英语 | |
| 电子资源: | ||
| ISBN: | 7-81080-862-1 | |
| 000 | 00873nam2 2200301 45 | |
| 001 | 012004000000 | |
| 005 | 20041130093754.02 | |
| 010 | @a7-81080-862-1@dCNY 17.00 | |
| 100 | @a20041009d2003 em y0chiy0121 ea | |
| 101 | 1 | @aeng |
| 102 | @aCN@b310000 | |
| 105 | @ay z 001yy | |
| 200 | 1 | @aD·H·劳伦斯@AD·H·lao lun si@dD.H.Lawrence@f(英)弗尼豪尔(Anne Fernihough)著@zeng |
| 205 | @a影印本 | |
| 210 | @a上海@c上海外语教育出版社@d2003.7 | |
| 215 | @a292页@d22cm | |
| 225 | 2 | @a剑桥文学指南丛书 |
| 320 | @a本书含索引 | |
| 410 | 0 | @12001 @a剑桥文学指南丛书 |
| 510 | 1 | @aD.H.Lawrence@zeng |
| 600 | 1 | @a劳论斯@bD.H.@f1885-1930@x文学研究@x英文 |
| 606 | 0 | @a英语 |
| 690 | @aI561.064@v4 | |
| 690 | @aH319.4@v3 | |
| 701 | 1 | @a弗尼豪尔@Afu ni hao er@bA.@4著 |
| 701 | A1 | @aFernihough@bAnne@4著 |
| 801 | 0 | @aCN@bQSSKt@c20041130 |
| 905 | @a10447@dH319.4@eF6001 | |
| D·H·劳伦斯=D.H.Lawrence/(英)弗尼豪尔(Anne Fernihough)著.-影印本.-上海:上海外语教育出版社,2003.7 |
| 292页;22cm.-(剑桥文学指南丛书) |
| ISBN 7-81080-862-1:CNY 17.00 |
| ● |
| 相关链接 |
|
|
|
正题名:D·H·劳伦斯
索取号:H319.4/F6001
 
预约/预借
| 序号 | 登录号 | 条形码 | 馆藏地/架位号 | 状态 | 备注 |
| 1 | 427949 | 204279495 | 外国语学院资料室/209语言库 15排1列2层/ [索取号:H319.4/F6001] | 在馆 | |
| 2 | 427950 | 204279501 | 语言库209/209语言库 15排1列2层/ [索取号:H319.4/F6001] | 在馆 |